| 000 | 00752nam a2200205 a 4500 | ||
|---|---|---|---|
| 001 | 68059 | ||
| 003 | BD-RjUL | ||
| 005 | 20211209081727.0 | ||
| 008 | 170330s1956 bg a b 001 0 eng d | ||
| 035 | _a(BD-RjUL)68268 | ||
| 040 |
_aBD-RjUL _cBD-RjUL _beng |
||
| 041 | _aeng | ||
| 082 |
_a954.92 _223 _bAHP 1956 |
||
| 100 |
_aআহ্মদ, কামরুদ্দীন _9229401 |
||
| 245 |
_aপূর্ব বাংলার সমাজ ও রাজনীতি / _cকামরুদ্দীন আহ্মদ |
||
| 260 |
_aঢাকা : _bস্টুডেন্টস পাবলিকেশন, _c১৯৫৬ |
||
| 300 |
_a১৯৯, (৬) ; _c২১ সেমি. |
||
| 651 |
_aBangladesh _xHistory _9229402 |
||
| 942 |
_2ddc _cBK |
||
| 999 |
_c68059 _d68059 |
||